ბათუმის შოთა რუსთაველის სახელმწიფო უნივერსიტეტის ბიბლიოთეკა

Народные традиции и фольклор (ბიბ.ჩანაწერი № 35498)

000 -LEADER
fixed length control field 00555nam a2200217Ia 4500
001 - CONTROL NUMBER
control field 1358
003 - CONTROL NUMBER IDENTIFIER
control field GE_BSU
008 - FIXED-LENGTH DATA ELEMENTS--GENERAL INFORMATION
fixed length control field 181216s||||||||xx |||||||||||||| ||und||
040 ## - CATALOGING SOURCE
Transcribing agency GE_BSU
080 ## - UNIVERSAL DECIMAL CLASSIFICATION NUMBER
Universal Decimal Classification number 392
100 ## - MAIN ENTRY--PERSONAL NAME
Personal name Чистов,К.В.
245 ## - TITLE STATEMENT
Title Народные традиции и фольклор
245 ## - TITLE STATEMENT
Remainder of title Очерки теории
260 ## - PUBLICATION, DISTRIBUTION, ETC.
Place of publication, distribution, etc. Ленинград
260 ## - PUBLICATION, DISTRIBUTION, ETC.
Name of publisher, distributor, etc. Наука
260 ## - PUBLICATION, DISTRIBUTION, ETC.
Date of publication, distribution, etc. 1986
300 ## - PHYSICAL DESCRIPTION
Extent 304стр.
653 ## - INDEX TERM--UNCONTROLLED
Uncontrolled term Народные традиции и фольклор
942 ## - ADDED ENTRY ELEMENTS (KOHA)
Koha item type წიგნი
ეგზემპლარები
Withdrawn status Lost status Damaged status Not for loan Date acquired Barcode Date last seen Price effective from Koha item type
        2018-12-17 1271 2018-12-17 2018-12-17 წიგნი